| 000 | 00613nam a2200193 a 4500 | ||
|---|---|---|---|
| 005 | 20231108063658.0 | ||
| 008 | 011003s1999 r 000 0 eng d | ||
| 020 | _89688959030 | ||
| 035 | _aUPN01000112490 | ||
| 049 | _aCG | ||
| 050 | 4 |
_aLB1027.23 _bA6.7 |
|
| 245 | 0 | 0 |
_aAprendizaje colaborativo : _btecnologías de la información y la comunicación / _ccomp. Héctor Rodríguez. |
| 260 |
_aMéxico : _bUniversidad de Guadalajara, _c1999. |
||
| 300 |
_a112 p. : _bil. |
||
| 650 | 4 |
_aAprendizaje activo _91351 |
|
| 650 | 4 |
_aTecnología educativa _94978 |
|
| 700 | 1 |
_aRodríguez, Héctor, _ecomp. |
|
| 905 | _aLibro | ||
| 999 |
_c86398 _d86398 |
||